=LDR 00000nam 2200000 4500 =001 INLIS000000000048126 =005 20160519132231.0 =006 =007 =008 =020 ##$$a 979-3654-40-6 =035 ##$$0010-051600000000031 =082 ##$$a 631.46 =084 ##$$a 631.46 $b Bio b.9 =100 ##$$a Dr. IR Kemas Ali Hanafiah, M.S. =245 ##$$a Biologi tanah =260 ##$$a Pt Raja Grapindo Persada, 2007 =300 ##$$a xvi, 166 hlm .; 21 cm =990 ##$$a 0001/BPAP-NTB/2016 =990 ##$$a 0001/BPAP-NTB/2016 =990 ##$$a 21602565/BPAP-NTB/2017 =990 ##$$a 20903140 =990 ##$$a 0001/BPAP-NTB/2016 =990 ##$$a 0001/BPAP-NTB/2016 =990 ##$$a 20903140 =990 ##$$a 0001/BPAP-NTB/2016 =990 ##$$a 0001/BPAP-NTB/2016